00000000nam 2200000zi 4500
0019.945101
003CaOODSP
00520241119092917
006m     o  d f      
007cr mn|||||||||
008241113t20242024onc     o    f000 0 fre d
020 |a9780660744674
040 |aCaOODSP|bfre|erda|cCaOODSP
043 |an-cn---
045 |ay2y2
0861 |aIu4-442/2024F-PDF
24500|aEstimation de la valeur de la portabilité des données canadiennes pour le consommateur : |brapport final / |cpréparé pour Innovation, sciences et développement économique Canada.
24617|aISDE et Bureau de la concurrence : |bestimation de la valeur de la portabilité des données canadiennes pour le consommateur
264 1|a[Ottawa] : |bInnovation, sciences et développement économique Canada = Innovation, Science and Economic Development Canada, |c2024.
264 4|c©2024
300 |a1 ressource en ligne (vi, 54 pages) + |esommaire (7 pages)
336 |atexte|btxt|2rdacontent/fre
337 |ainformatique|bc|2rdamedia/fre
338 |aressource en ligne|bcr|2rdacarrier/fre
500 |aPublié aussi en anglais sous le titre : Estimating consumer value of Canadian data portability: final report.
500 |a« Fournisseur : Environics Research Group. »
500 |a« Numéro de contrat : CW2242700. »
500 |a« Date de livraison : 23 octobre 2024. »
500 |a« Numéro d'enregistrement : POR 059-22. »
650 6|aAssurance|zCanada|xOpinion publique.
650 6|aProtection de l'information (Informatique)|zCanada|xOpinion publique.
650 6|aConfidentialité des données|zCanada|xOpinion publique.
650 6|aOpinion publique|zCanada.
650 6|aConsommateurs|zCanada|xAttitudes.
7101 |aCanada. |bInnovation, sciences et développement économique Canada, |eorganisme de publication.
7102 |aEnvironics Research Group, |econsultant.
77508|tEstimating consumer value of Canadian data portability : |w(CaOODSP)9.945099
85640|qPDF|s2.35 Mo|uhttps://publications.gc.ca/collections/collection_2024/isde-ised/iu4/Iu4-442-2024-fra.pdf|z(rapport final)
85640|qPDF|s411 Ko|uhttps://publications.gc.ca/collections/collection_2024/isde-ised/iu4/Iu4-442-2024-1-fra.pdf|z(sommaire)
8564 |qHTML|sS.O.|uhttps://epe.bac-lac.gc.ca/100/200/301/pwgsc-tpsgc/por-ef/innovation_science_economic_development_canada/2024/059-22-f/059-22-rapport.htm|z(rapport final)
8564 |qHTML|sS.O.|uhttps://epe.bac-lac.gc.ca/100/200/301/pwgsc-tpsgc/por-ef/innovation_science_economic_development_canada/2024/059-22-f/sommaire/059-22-sommaire.htm|z(sommaire)
8564 |qHTML|sS.O.|uhttps://epe.bac-lac.gc.ca/100/200/301/pwgsc-tpsgc/por-ef/innovation_science_economic_development_canada/2024/059-22-f/index.html|z(ensemble de données complet)